| 000 | 00556cam a2200229ua 4500 | ||
|---|---|---|---|
| 020 | _c4.00 | ||
| 041 |
_amal _h |
||
| 082 |
_a671.522 _bFEL/VA |
||
| 100 | _aWuttke, Felix . | ||
| 245 |
_aVathakaveldanam / _cFelix Wuttke. _hTextual Documents |
||
| 250 |
_a2 / _b. |
||
| 260 |
_aThiruvananthapuram : _bState Instititute of Languages , _c1963. |
||
| 300 | _a122 ; . | ||
| 365 | _a4.00 | ||
| 504 | _a | ||
| 942 | _cBK | ||
| 999 |
_c6148 _d6148 |
||